Najlepsi żużlowcy na świecie 2018 - Statystyki

Ogólne statystyki
  • Ten quiz został rozwiązany 532 razy
  • Średni wynik to 9 z 15
Statystyki odpowiedzi
Hint Odpowiedź % Poprawnych
Urodzony w Wielkiej Brytanii Tai Woffinden
89%
Magic Maciej Janowski
88%
Ma charakterystyczną sylwetkę Bartosz Zmarzlik
82%
Dziki Nicki Pedersen
75%
Jeździ z młodszym bratem w Trolluniu Chris Holder
74%
Ma charakterystyczny zielony kolor na maszynie Patryk Dudek
73%
Startował w zawodach o kulach Jason Doyle
61%
Kosmita Fredrik Lindgren
53%
Grin Greg Hancock
53%
Ma brata który wtedy nie startował w SGP Artiom Łaguta
44%
Przywoził wiele punktów dla Tarnowa Martin Vaculik
42%
Rozczarowanie sezonu :( Przemysław Pawlicki
41%
Jest liderem w swoim kraju Matej Zagar
40%
Związany z Unią Leszno Emil Sajfutdinow
38%
Siedmiokrotny z rzędu mistrz kraju Niels Kristian Iversen
27%
Nie znaleziono quizów pasujących do podanych kryteriów
Rozkład punktacji
Procent ludzi z każdym wynikiem
Percentyl według liczby udzielonych odpowiedzi
Twoja historia wyników
Nie rozwiązałeś tego quizu